Countryside management in the urban fringe: a report on experiments sponsored jointly by the GLC, Hertfordshire County Council, the London Borough of Barnet and the London Borough of Havering (Record no. 95362)

MARC details
000 -LEADER
fixed length control field 00666cam a2200193 4500
001 - CONTROL NUMBER
control field D2850
008 - FIXED-LENGTH DATA ELEMENTS--GENERAL INFORMATION
fixed length control field 090401t1981 xxu||||| |||| 00| 0 eng d
035 ## - SYSTEM CONTROL NUMBER
System control number (Sirsi) u70926
041 ## - LANGUAGE CODE
Language code of text/sound track or separate title eng
050 ## - LIBRARY OF CONGRESS CALL NUMBER
Classification number 711.558
110 ## - MAIN ENTRY--CORPORATE NAME
Corporate name or jurisdiction name as entry element Countryside Commission
9 (RLIN) 2820
245 ## - TITLE STATEMENT
Title Countryside management in the urban fringe: a report on experiments sponsored jointly by the GLC, Hertfordshire County Council, the London Borough of Barnet and the London Borough of Havering
260 ## - PUBLICATION, DISTRIBUTION, ETC.
Place of publication, distribution, etc. Cheltenham, Glos
Name of publisher, distributor, etc. Countryside Commission
Date of publication, distribution, etc. 1981
300 ## - PHYSICAL DESCRIPTION
Extent viii. 135p. 30cm
350 ## - PRICE (NR) (BK AM CF MU VM SE) [OBSOLETE]
Price 10.3
490 ## - SERIES STATEMENT
Series statement Countryside Commission Paper
Volume/sequential designation 136
942 ## - ADDED ENTRY ELEMENTS (KOHA)
Suppress in OPAC 0
948 ## - LOCAL PROCESSING INFORMATION (OCLC); SERIES PART DESIGNATOR (RLIN)
c (OCLC) 04/03/1997
Holdings
Withdrawn status Lost status Source of classification or shelving scheme Damaged status Not for loan Home library Current library Shelving location Date acquired Cost, normal purchase price Total Checkouts Full call number Barcode Date last seen Copy number Cost, replacement price Price effective from Koha item type
    Dewey Decimal Classification     London London Folio 14/09/1999 10.30   F711.558 30020457 06/08/2019 1 10.30 06/08/2019 Book